ბათუმის შოთა რუსთაველის სახელმწიფო უნივერსიტეტის ბიბლიოთეკა

Хлопчатник (ბიბ.ჩანაწერი № 45628)

000 -LEADER
fixed length control field 00671nam a2200217Ia 4500
001 - CONTROL NUMBER
control field 12454
003 - CONTROL NUMBER IDENTIFIER
control field GE_BSU
008 - FIXED-LENGTH DATA ELEMENTS--GENERAL INFORMATION
fixed length control field 181216s||||||||xx |||||||||||||| ||und||
040 ## - CATALOGING SOURCE
Transcribing agency GE_BSU
080 ## - UNIVERSAL DECIMAL CLASSIFICATION NUMBER
Universal Decimal Classification number 633.511
100 ## - MAIN ENTRY--PERSONAL NAME
Personal name Тер-Аванесян,Д.В.
245 ## - TITLE STATEMENT
Title Хлопчатник
245 ## - TITLE STATEMENT
Statement of responsibility, etc. Ред.Г.А.Панькова
260 ## - PUBLICATION, DISTRIBUTION, ETC.
Place of publication, distribution, etc. Ленинград
260 ## - PUBLICATION, DISTRIBUTION, ETC.
Name of publisher, distributor, etc. Колос
260 ## - PUBLICATION, DISTRIBUTION, ETC.
Date of publication, distribution, etc. 1973
300 ## - PHYSICAL DESCRIPTION
Extent 482стр.22см.
300 ## - PHYSICAL DESCRIPTION
Accompanying material указатель латинских названии,русских названии растении, предметный указатель стр.190-195
653 ## - INDEX TERM--UNCONTROLLED
Uncontrolled term Хлопчатник
942 ## - ADDED ENTRY ELEMENTS (KOHA)
Koha item type წიგნი
ეგზემპლარები
Withdrawn status Lost status Damaged status Not for loan Date acquired Barcode Date last seen Price effective from Koha item type
        2018-12-17 20714 2018-12-17 2018-12-17 წიგნი
        2018-12-17 20715 2018-12-17 2018-12-17 წიგნი